Diseño de un circuito para el ahorro de energía eléctrica en un sistema de calentamiento de agua

সংরক্ষণ করুন:
গ্রন্থ-পঞ্জীর বিবরন
প্রধান লেখক: Ruiz Campos, David
বিন্যাস: গ্রন্থ
প্রকাশিত: [San José, Costa Rica] 2009
বিষয়গুলি:
ট্যাগগুলো: ট্যাগ যুক্ত করুন
কোনো ট্যাগ নেই, প্রথমজন হিসাবে ট্যাগ করুন!

MARC

LEADER 00000nam a2200000Ia 4500
003 001461
005 20221231144045.0
008 140114s2009 cr a 000 ||s d
040 |c cru CEDI 
090 |a TFG 5980 
100 |a Ruiz Campos, David  |9 2538 
245 |a  Diseño de un circuito para el ahorro de energía eléctrica en un sistema de calentamiento de agua 
260 |c 2009  |b [San José, Costa Rica] 
300 |a xi, 89 hojas; ilustraciones 
500 |a Proyecto de graduación (bachillerato en ingeniería eléctrica)--Universidad de Costa Rica. Facultad de Ingeniería. Escuela de Ingeniería Eléctrica 
650 |x CONSUMO DE ENERGIA   |x CALENTADORES DE AGUA ELECTRICOS   |x  SUMINISTRO DE AGUA CALIENTE   |9 3536 
942 |c TFG 
999 |c 16248  |d 16248